Statistics for 2014 San Francisco Giants Roster

Click here to take the quiz!

General Stats

  • This quiz has been taken 42 times
  • The average score is 18 of 28

Answer Stats

# POSOF Player % Correct
28CBuster Posey
100%
40PMadison Bumgarner
100%
35SSBrandon Crawford
97%
91BBrandon Belt
94%
8OFHunter Pence
89%
483BPablo Sandoval
89%
122BJoe Panik
83%
54PSergio Romo
81%
18PMatt Cain
81%
16OFAngel Pagan
81%
55PTim Lincecum
75%
7OFGregor Blanco
75%
17PTim Hudson
67%
41PJeremy Affeldt
67%
46PSantiago Casilla
64%
49PJavier López
64%
32PRyan Vogelsong
53%
38OFMichael Morse
50%
60PHunter Strickland
47%
451BTravis Ishikawa
47%
192BMarco Scutaro
44%
70PGeorge Kontos
39%
503BMatt Duffy
39%
43PJake Peavy
39%
52PYusmeiro Petit
36%
132BJoaquín Árias
31%
34CAndrew Susac
25%
53PChris Heston
14%

Score Distribution

Percentile by Number Answered

Percent of People with Each Score

Your Score History

You have not taken this quiz